Hint | Réponse | % Correct |
---|---|---|
Lieu de décès | {Athènes} | 96%
|
Le Banquet • La République • Phèdre • Gorgias... | {Œuvres} principales | 91%
|
Aristote, Eudoxe, Xénocrate.. | {Élèves} célèbres | 76%
|
Maître | {Socrate} | 75%
|
Adjectifs dérivés | Platonicien, {platonique}, platonisant | 74%
|
Idées remarquables | Dialectique • Allégorie de la {caverne} • Réminiscence... | 65%
|
Ariston | {Père} | 65%
|
Périctionè | {Mère} | 64%
|
Profession de {philosophe} | 51%
| |
Date de décès | Vers {347} av. J.-C. (~ 80 ans) | 47%
|
Métaphysique • éthique • esthétique • dialectique | Principaux {intérêts} | 37%
|
École/tradition | Fondateur de l'{Académie} | 32%
|
Copyright H Brothers Inc., 2008–2024
Nous contacter | Retour en haut de page | Passer à la version mobile